000 00682nam a2200193 4500
001 143018
003 ES-MaACL
005 20251122063128.0
007 t|
008 070214s1914 fr r ||||1| fre d
100 1 _aMontesquieu, Charles-Louis de Secondat,
_cbaron de,
_d1689-1755
_982608
245 1 0 _aCorrespondance de Montesquieu /
_cCharles-Louis de Secondat Montesquieu ; publiée par François Gebelin ; avec la collaboration de André Morize.
260 _aParis :
_bHonore Champion,
_c1914.
300 _a2 v. ;
_c24 cm.
700 1 _aGebelin, François.
_956182
700 1 _aMorize, André.
_983588
852 _aES-MaACL
_jF-5410
999 _c143018
_d143018